00729nam a2200253Ia 4500003000400000005001700004008004100021040001800062041000800080082002000088100002000108245005600128250001200184260005300196300003000249650001400279650002500293650004700318700002200365700002400387700002400411700001800435700002200453OSt20241025104954.0210716s1965 xx 000 0 und d cAIMIT LIBRARY aeng a519.5 21bALLF aAllen, Frank B. aElementary functions /cBy Frank B Allen...[et.al]. a1st ed. aCalifornia :bStanford university press ;c1965. a300, A85p. ;bPBc26.3 cm aFunctions aPolynomial functions aTangents to graphs of polynomial functions aDouglas, Edwin C. aRichmond, Donald E. aRickart, Charles E. aSwain, Henry. aWalker, Robert J.